• 首页
  • 本馆介绍
  • 公告通知
  • 最新文献
  • 馆藏检索
  • 电子资源
  • 读者导购
  • 参考咨询
  • 我的图书馆
  • 登录
  • 详细信息显示
  • 放入我的书架
  • 预约/预借图书
  • 作者相关作品
  • 分类相关作品
  • 丛书相关作品
  • 出版社相关作品

书目信息

  • 表格格式
  • 工作单格式
  • 卡片格式
题名:
变革中国:市场经济的中国之路
    
 
作者: 科斯 , 王宁 著 ;徐尧 , 李哲民 译
分册:  
出版信息: 北京   中信出版社  2013.01
页数: 295页
开本: 24cm
丛书名:
单 册:
中图分类: F123.9
科图分类:
主题词: 中国经济--市场改革--研究 , 中国经济 , 市场改革
电子资源:
ISBN: 978-7-5086-3510-1
000 01125nam0 22003011 450
001 523
005 20140908151747.39
010    @a978-7-5086-3510-1@b精装@dCNY58.00
100    @a20130107d2013 em y0chiy50 ea
101 1  @achi@ceng
102    @aCN@b110000
105    @ay z 000yy
106    @ar
200 1  @a变革中国:市场经济的中国之路@ABian Ge Zhong Guo Shi Chang Jing Ji De Zhong Guo Zhi Lu@f(英)罗纳德·哈里·科斯(Ronald H. Coase),王宁著@F( Ying ) Luo Na De· Ha Li· Ke Si (Ronald H. Coase), Wang Ning Zhu@g徐尧,李哲民译
210    @a北京@c中信出版社@d2013.01
215    @a295页@d24cm
330    @a本书共分为六章,主要内容包括:毛泽东时代的中国;中国在转折年代;中国市场体制改革起源等。
517 1  @a市场经济的中国之路@AShi Chang Jing Ji De Zhong Guo Zhi Lu
606 0  @a中国经济@x市场改革@x研究
606 0  @a中国经济
606 0  @a市场改革
690    @aF123.9@v5
701  0 @c(英)@a科斯@AKe Si@c(Coase,Ronald H.)@4著
701  0 @a王宁@AWang Ning@4著
702  0 @a徐尧@AXu Yao@4译
702  0 @a李哲民@ALi Zhe Min@4译
801  0 @aCN@bTANGWEI@c20140603
905    @b0837147-49@dF123.9@e250@f3
    
    变革中国:市场经济的中国之路/(英)罗纳德·哈里·科斯(Ronald H. Coase),王宁著/徐尧,李哲民译.-北京:中信出版社,2013.01
    295页;24cm
    
    
    ISBN 978-7-5086-3510-1(精装):CNY58.00
    本书共分为六章,主要内容包括:毛泽东时代的中国;中国在转折年代;中国市场体制改革起源等。
●
相关链接 在E读中查询图书 在五车中查询图书 在当当中查询图书 在豆瓣中查询图书


正题名:变革中国:市场经济的中国之路     索取号:F123.9/250         预约/预借

序号 登录号 条形码 馆藏地/架位号 状态 备注
1 0837147   208371475   第一样本阅览室/ [索取号:F123.9/250] 在馆    
2 0837148   208371484   第一借阅区/ [索取号:F123.9/250] 在馆    
3 0837149   208371493   密集书库-海洋学院/ [索取号:F123.9/250] 在馆    
唐山师范学院图书馆 欢迎您!
大连网信软件有限公司© 版权所有